| 000 | 00479nam a2200205Ia 4500 | ||
|---|---|---|---|
| 003 | OSt | ||
| 005 | 20230417172248.0 | ||
| 008 | 210423s2005 xx 000 0 und d | ||
| 020 | _a0-515-13940-8 | ||
| 040 | _cAL | ||
| 041 | _aeng | ||
| 082 |
_a813.54 _223 _bROBR |
||
| 100 |
_aROBERTS (Nora) _989600 |
||
| 245 | _aRed Lily | ||
| 260 |
_aNew York _bJove books _c2005 |
||
| 300 |
_a371 _bPB |
||
| 650 |
_aAmerican Fiction _989601 |
||
| 906 | _aLily ; Red | ||
| 942 |
_2ddc _cBK |
||
| 999 |
_c170017 _d170017 |
||